000 00348nam a22001457a 4500
020 _a9786277640002
040 _cNUST
082 _a823.912,ROW
100 _aOrwell, George
_999933
245 _aAnimal Farm /
_cGeorge Orwell
260 _aLahore
_bSabusons
_c2022
300 _a140 p.;
650 _aNovel
_92525
942 _2ddc
_cFIC
_k823.912,ROW
999 _c617405
_d617405